| 000 | 00584nam a22001577a 4500 | ||
|---|---|---|---|
| 003 | NUST | ||
| 038 | _aNusrat Nadeem | ||
| 082 | _a200 | ||
| 100 |
_aAsif, Duaa _9130644 |
||
| 245 |
_aEthical Innovation in Digital Influencer Marketing: How Can Social Media Influencers Maintain Ethical Conduct When Collaborating with Brands?/ _cDuaa Asif, |
||
| 264 |
_aIslamabad: _bNBS NUST. _c2025. |
||
| 650 |
_aMS-Innovation and Entrepreneurship _9114384 |
||
| 700 |
_aSupervisor: Dr. Fareessa Malik _9130645 |
||
| 856 | _u http://10.250.8.41:8080/xmlui/handle/123456789/54891 | ||
| 942 |
_2ddc _cSC |
||
| 999 |
_c614825 _d614825 |
||